000 00663nam a22002057a 4500
005 20240328124729.0
010 _aENG-139197
020 _c480.00
_a9789383918135
035 _aEN-122729
037 _bDBAD/PUB
082 _a350
_2second edition
100 _aAribam, Radhabinod
_964050
245 _aPublic Administration/
_cBy Radhabinod Aribam and Shyam Salona
260 _aDelhi
_bKBC Nano Publication Pvt.Ltd
270 _bDelhi
_aA-3/2, Christian Colony
_e110060
300 _a432p.
_c24cm(pb)
500 _aUseful for IAS/PCS, University Exams< UGC-NET and Others
700 _aSalona,Shyam
_961679
942 _2ddc
_cEN
_mARI
_h350
999 _c200640
_d200640